00882nam a22002297a 450000500170000001000150001702000260003203500130005803700130007108200120008410000230009624501500011926000370026927000550030630000320036150000500039370000160044370000170045994200260047699900170050295201330051920130510124947.0 aENG-107023 a9788184050684c700.00 aEN-90556 bDBAD/PUB a330.973 aSherman, Howard J. aThe roller coaster economy :cby Howard J. Sherman with John Miller [and] Paul Shremanbfinancial crisis, great recession,and the public option / aNew DelhibReference Pressc2011 a4831/24, Ansari Road, DaryaganjbNew Delhie110002 avii, 197p.:bill.c22cm(Hb) aIncludes bibliographical references and index aMiller,John aSherman,Paul 2ddccENh330.973mSHE c75345d75345 001040718NFICaDBADbDBADd2013-05-09eDBADg700.00l0o330.973 SHEpEN-90556r2013-05-09 00:00:00t1v700.00w2013-05-09yEN